000 00599nam a2200277Ia 4500
001 Z_3210
003 CHAP
008 220113s1993 xx 000 0 und d
010 _a166318
040 _cCHAP
082 _a860 B6
100 _aBorges, Jorge Luis
_913860
245 _aArtificios /
_cpor Jorge Luis Borges
260 _aMéxico, D. F. :
_bAlianza,
_c1993
300 _a90 p.
440 _a
500 _a
503 _a
650 _aLiteratura argentina I. t.
_9140408
901 _a860 B6
902 _aA
910 _a1993
942 _c1
942 _cc1
999 _c166318
_d166318